LEADER 01275nam 2200361Ia 450 001 996384287003316 005 20221108002808.0 035 $a(CKB)1000000000592952 035 $a(EEBO)2240863667 035 $a(OCoLC)12877428 035 $a(EXLCZ)991000000000592952 100 $a19851206d1685 uy | 101 0 $aeng 135 $aurbn||||a|bb| 200 14$aThe history or narrative of the great level of the fenns, called Bedford level$b[electronic resource] $ewith a large map of the said level, as drained, surveyed, & described by Sir Jonas Moore Knight, His late Majesties Surveyor-General of his ordnance 210 $aLondon $cPrinted for Moses Pitt ...$d1685 215 $a[5], 81 p. $c1 folded map 300 $aIncludes bibliographical references. 300 $aReproduction of original in Huntington Library. 330 $aeebo-0113 606 $aDrainage$zEngland 607 $aFens, The (England) 615 0$aDrainage 700 $aMoore$b Jonas$cSir,$f1617-1679.$01003096 801 0$bEAA 801 1$bEAA 801 2$bm/c 801 2$bUMI 801 2$bWaOLN 906 $aBOOK 912 $a996384287003316 996 $aThe history or narrative of the great level of the fenns, called Bedford level$92312065 997 $aUNISA